| 000 | 00000nam##2200000za#4500 |
| 001 | 9.587776 |
| 003 | CaOODSP |
| 005 | 20210624194810 |
| 007 | cr ||||||||||| |
| 008 | 150406|2006||||xxc|||||o f|0| 0 fre|d |
| 022 | |a1701-1280 |
| 040 | |aCaOODSP|bfre |
| 041 | |aeng |
| 041 | |afre |
| 043 | |an-cn--- |
| 086 | 1 |aFs70-4/2006-001-PDF |
| 110 | 1 |aCanada. |bMinistère des pêches et des océans. |
| 245 | 10|aExamen des dernières données et analyses disponibles sur l'état des baleines boréales (Balaena mysticetus) dans l'est de l'Arctique canadien en vue de l'évaluation prochaine de leur potentiel de rétablissement : |h[ressource électronique]|bLe 9 mars 2006 – vidéoconférence / |cPrésident de réunion: Patrice Simon. |
| 260 | |aOttawa - Ontario : |bPêches et Océans Canada |cMars 2006. |
| 300 | |a36p.|bgraphique, tableaux |
| 490 | 1 |aSecrétariat canadien de consultation scientifique, série des comptes rendus|x1701-1280|v2006/001 |
| 546 | |aBilingue. La plupart des annexes en anglais seulement. |
| 590 | |a12-30-Supp|b2012-06-28 |
| 791 | |tReview of the latest data/analyses available on the status of Bowhead Whales (Balaena mysticetus) in the eastern Canadian Arctic in preparation for the upcoming recovery potential assessment : |eeng|w(CaOODSP)9.587775 |
| 830 | #0|aCompte rendu (Secrétariat canadien de consultation scientifique)|x1701-1280|v2006/001|w(CaOODSP)9.500508 |
| 856 | 40|ahttp://publications.gc.ca|qPDF|s677 Ko|uhttps://publications.gc.ca/collections/collection_2011/mpo-dfo/Fs70-4-2006-001.pdf|y2006/001 |